Normal view
MARC view
- الادخار- الاقتصاد الاسلامي- الاستثمار
Entry Topical Term
001 - CONTROL NUMBER
- control field: 30693
003 - CONTROL NUMBER IDENTIFIER
- control field: JO-AjAnu
005 - DATE AND TIME OF LATEST TRANSACTION
- control field: 20230606075157.0
008 - FIXED-LENGTH DATA ELEMENTS
- fixed length control field: 230606|| aca||aabn | a|a d
040 ## - CATALOGING SOURCE
- Original cataloging agency: JO-AjAnu
- Transcribing agency: JO-AjAnu
150 ## - HEADING--TOPICAL TERM
- Topical term or geographic name entry element: الادخار- الاقتصاد الاسلامي- الاستثمار
670 ## - SOURCE DATA FOUND
- Source citation: Work cat.: (JO-AjAnu)15765: سانو، قطب مصطفى, author 30692, المدخرات : أحكامها وطرق تكوينها واستثمارها في الفقه الإسلامي